Globalization and local development in india : (Record no. 1322)

MARC details
000 -LEADER
fixed length control field 00669cam a2200217ua 4500
001 - CONTROL NUMBER
control field 1431
005 - DATE AND TIME OF LATEST TRANSACTION
control field 20260515113331.0
008 - FIXED-LENGTH DATA ELEMENTS--GENERAL INFORMATION
fixed length control field 110716n ii |||gr||||Z||||||eng
020 ## - INTERNATIONAL STANDARD BOOK NUMBER
International Standard Book Number 81-7304-540-2
040 ## - CATALOGING SOURCE
Transcribing agency MAIN
082 ## - DEWEY DECIMAL CLASSIFICATION NUMBER
Classification number 354.2794
100 ## - MAIN ENTRY--PERSONAL NAME
Personal name Ed. by Landy, Frederic,
Relator term Author.
245 1# - TITLE STATEMENT
Title Globalization and local development in india :
Remainder of title examining the spatial dimension /
Statement of responsibility, etc. ed. by Frederic Landy
250 ## - EDITION STATEMENT
Edition statement 1st.
260 ## - PUBLICATION, DISTRIBUTION, ETC.
Place of publication, distribution, etc. New Delhi:
Name of publisher, distributor, etc. Manohar Publishers,
Date of publication, distribution, etc. 2004.
300 ## - PHYSICAL DESCRIPTION
Extent 248p:
Other physical details ill;
Dimensions 23cm.
653 ## - INDEX TERM--UNCONTROLLED
Uncontrolled term Economics
653 ## - INDEX TERM--UNCONTROLLED
Uncontrolled term Globalization and local development in india
700 ## - ADDED ENTRY--PERSONAL NAME
Personal name ed. by Chaudhuri, Basudev,
Relator term author.
942 ## - ADDED ENTRY ELEMENTS (KOHA)
Koha item type Books
Holdings
Withdrawn status Lost status Damaged status Not for loan Home library Current library Shelving location Date acquired Total checkouts Full call number Barcode Date last seen Copy number Price effective from Koha item type
        Naharkatiya College Library Naharkatiya College Library General stacks 09/19/2020   354.2794 | CHA 17210 09/19/2020 1 09/19/2020 Books